Albums emblématiques du rap français - Statistiques

Statistiques générales
  • Ce quiz a été pris 428 fois
  • Le résultat moyen est 25 sur 30
Statistiques - réponses
Par images Réponse % Correct
PNL
100%
Orelsan
99%
Niska
98%
Damso
97%
Diam's
97%
JuL
97%
Kaaris
97%
Ninho
97%
PLK
94%
SCH
92%
Hamza
91%
Nekfeu
91%
Sexion d'Assaut
91%
Vald
90%
Maes
87%
Freeze Corleone
84%
Booba
83%
Laylow
83%
Népal
82%
MHD
80%
Suprême NTM
80%
Alpha Wann
79%
Koba LaD
75%
Dosseh
69%
Rohff
68%
Dinos
64%
Lunatic
63%
MC Solaar
56%
Kekra
46%
Oxmo Puccino
42%
Aucun quiz correspondant
Distribution des résultats
% des personnes avec chaque résultat
Percentile par nombre de réponses
Votre historique - résultats
Vous n’avez pas pris ce quiz